<?xml version="1.0" encoding="UTF-8"?>
<record
    xmlns:xsi="http://www.w3.org/2001/XMLSchema-instance"
    xsi:schemaLocation="http://www.loc.gov/MARC21/slim http://www.loc.gov/standards/marcxml/schema/MARC21slim.xsd"
    xmlns="http://www.loc.gov/MARC21/slim">

  <leader>00587nam a2200193   4500</leader>
  <controlfield tag="003">SEACOMEC</controlfield>
  <controlfield tag="005">20241223132817.0</controlfield>
  <controlfield tag="008">241106b        |||||||| |||| 00| 0 eng d</controlfield>
  <datafield tag="020" ind1=" " ind2=" ">
    <subfield code="a">9780131450912</subfield>
    <subfield code="c">610.00</subfield>
  </datafield>
  <datafield tag="040" ind1=" " ind2=" ">
    <subfield code="a">SEACOMEC</subfield>
  </datafield>
  <datafield tag="082" ind1=" " ind2=" ">
    <subfield code="a">004.628</subfield>
    <subfield code="b">D325</subfield>
  </datafield>
  <datafield tag="100" ind1=" " ind2=" ">
    <subfield code="a">Deitel, H. M.</subfield>
  </datafield>
  <datafield tag="245" ind1=" " ind2=" ">
    <subfield code="a">Internet and world wide web : how to program /</subfield>
    <subfield code="c">H. M.  Deitel,  A.J.Deitel, and  A.B. Goldbing </subfield>
  </datafield>
  <datafield tag="250" ind1=" " ind2=" ">
    <subfield code="a">3rd ed.</subfield>
  </datafield>
  <datafield tag="260" ind1=" " ind2=" ">
    <subfield code="a">Delhi: </subfield>
    <subfield code="b">Pearson Education,</subfield>
    <subfield code="c"> 2004, 2007</subfield>
  </datafield>
  <datafield tag="300" ind1=" " ind2=" ">
    <subfield code="a">liv, 1535 p.; : 24 cm.</subfield>
  </datafield>
  <datafield tag="650" ind1=" " ind2=" ">
    <subfield code="a"> Internet programming - World Wide Web</subfield>
  </datafield>
  <datafield tag="942" ind1=" " ind2=" ">
    <subfield code="c">BOOK</subfield>
  </datafield>
  <datafield tag="952" ind1=" " ind2=" ">
    <subfield code="0">0</subfield>
    <subfield code="1">0</subfield>
    <subfield code="2">ddc</subfield>
    <subfield code="4">0</subfield>
    <subfield code="7">0</subfield>
    <subfield code="a">SEACOMEC</subfield>
    <subfield code="b">SEACOMEC</subfield>
    <subfield code="d">2007-07-31</subfield>
    <subfield code="l">0</subfield>
    <subfield code="o">004.628 D325</subfield>
    <subfield code="p">7770</subfield>
    <subfield code="r">2024-11-06 14:39:42</subfield>
    <subfield code="w">2024-11-06</subfield>
    <subfield code="y">BOOK</subfield>
  </datafield>
  <datafield tag="952" ind1=" " ind2=" ">
    <subfield code="0">0</subfield>
    <subfield code="1">0</subfield>
    <subfield code="2">ddc</subfield>
    <subfield code="4">0</subfield>
    <subfield code="7">0</subfield>
    <subfield code="a">SEACOMEC</subfield>
    <subfield code="b">SEACOMEC</subfield>
    <subfield code="d">2007-07-31</subfield>
    <subfield code="l">0</subfield>
    <subfield code="o">004.628 D325</subfield>
    <subfield code="p">7771</subfield>
    <subfield code="r">2024-11-06 14:39:42</subfield>
    <subfield code="t">1</subfield>
    <subfield code="w">2024-11-06</subfield>
    <subfield code="y">BOOK</subfield>
  </datafield>
  <datafield tag="952" ind1=" " ind2=" ">
    <subfield code="0">0</subfield>
    <subfield code="1">0</subfield>
    <subfield code="2">ddc</subfield>
    <subfield code="4">0</subfield>
    <subfield code="7">0</subfield>
    <subfield code="a">SEACOMEC</subfield>
    <subfield code="b">SEACOMEC</subfield>
    <subfield code="d">2007-07-31</subfield>
    <subfield code="l">0</subfield>
    <subfield code="o">004.628 D325</subfield>
    <subfield code="p">7772</subfield>
    <subfield code="r">2024-11-06 14:39:42</subfield>
    <subfield code="t">2</subfield>
    <subfield code="w">2024-11-06</subfield>
    <subfield code="y">BOOK</subfield>
  </datafield>
  <datafield tag="952" ind1=" " ind2=" ">
    <subfield code="0">0</subfield>
    <subfield code="1">0</subfield>
    <subfield code="2">ddc</subfield>
    <subfield code="4">0</subfield>
    <subfield code="7">0</subfield>
    <subfield code="a">SEACOMEC</subfield>
    <subfield code="b">SEACOMEC</subfield>
    <subfield code="d">2008-05-02</subfield>
    <subfield code="l">0</subfield>
    <subfield code="o">004.628 D325</subfield>
    <subfield code="p">11390</subfield>
    <subfield code="r">2024-12-23 13:29:12</subfield>
    <subfield code="t">3</subfield>
    <subfield code="w">2024-12-23</subfield>
    <subfield code="y">BOOK</subfield>
  </datafield>
  <datafield tag="952" ind1=" " ind2=" ">
    <subfield code="0">0</subfield>
    <subfield code="1">0</subfield>
    <subfield code="2">ddc</subfield>
    <subfield code="4">0</subfield>
    <subfield code="7">0</subfield>
    <subfield code="a">SEACOMEC</subfield>
    <subfield code="b">SEACOMEC</subfield>
    <subfield code="d">2008-05-02</subfield>
    <subfield code="l">0</subfield>
    <subfield code="o">004.628 D325</subfield>
    <subfield code="p">11391</subfield>
    <subfield code="r">2024-12-23 13:29:12</subfield>
    <subfield code="t">4</subfield>
    <subfield code="w">2024-12-23</subfield>
    <subfield code="y">BOOK</subfield>
  </datafield>
  <datafield tag="999" ind1=" " ind2=" ">
    <subfield code="c">1787</subfield>
    <subfield code="d">1787</subfield>
  </datafield>
</record>
